[Event "IECC CL7-2020.03 email"]
[Site "IECC email"]
[Date "2020.12.20"]
[Round "?"]
[White "Werhan, Matthea"]
[Black "Guidi, Daniele"]
[Result "1-0"]
[WhiteElo "1210"]
[BlackElo "1156"]
[PlyCount "53"]
[EventDate "2020.??.??"]
[EventType "tourn (corr)"]
[EventRounds "4"]
[SourceTitle "Corr 2024"]
[Source "ChessBase"]
[SourceDate "2023.10.19"]
[SourceVersion "1"]
[SourceVersionDate "2023.10.19"]
[SourceQuality "1"]
[WhiteTeam "Vereinigte Staaten"]
[BlackTeam "Italien"]
[WhiteTeamCountry "USA"]
[BlackTeamCountry "ITA"]

1. e4 e5 2. Nf3 Nc6 3. Bc4 d6 4. 0-0 Be6 5. Bxe6 fxe6 6. Nc3 d5 7. exd5 exd5 8. Nxe5 Nxe5 9. Re1 Be7 10. Rxe5 Qd6 11. Rxd5 Qg6 12. d3 Nf6 13. Re5 Qf7 14. Qe2 Rd8 15. Bg5 c6 16. Re1 Rd7 17. Re6 Kd8 18. Qe5 Rc7 19. Qxc7+ Kxc7 20. Rxe7+ Qxe7 21. Rxe7+ Kc8 22. Rxg7 h5 23. Bxf6 Rh6 24. Ne4 Rh8 25. Nd6+ Kb8 26. Rxb7+ Ka8 27. Bxh8 1-0

[Event "IECC Swiss-564.4"]
[Site "IECC email"]
[Date "2014.03.27"]
[Round "?"]
[White "Guidi, Daniele"]
[Black "D'Aragona, Vittoria"]
[Result "0-1"]
[WhiteElo "1101"]
[BlackElo "1386"]
[PlyCount "50"]
[EventDate "2014.??.??"]
[EventType "swiss (corr)"]
[EventRounds "1"]
[SourceTitle "Corr 2020"]
[Source "ChessBase"]
[SourceDate "2019.09.30"]
[SourceVersion "1"]
[SourceVersionDate "2019.09.30"]
[SourceQuality "1"]
[WhiteTeam "Italy"]
[BlackTeam "Italy"]
[WhiteTeamCountry "ITA"]
[BlackTeamCountry "ITA"]

1. d4 Nf6 2. c4 c5 3. d5 b5 4. f3 bxc4 5. e4 d6 6. Bxc4 g6 7. Ne2 Bg7 8. 0-0 0-0 9. a4 Nbd7 10. Bd2 Ne5 11. Na3 e6 12. dxe6 fxe6 13. Nf4 Nxc4 14. Nxc4 d5 15. exd5 exd5 16. Ne5 Qb6 17. Ng4 Nxg4 18. fxg4 Ba6 19. Nxd5 Rxf1+ 20. Qxf1 Bd4+ 21. Kh1 Qxb2 22. Qe1 Qxa1 23. Nb4 Qxe1+ 24. Bxe1 Rf8 25. Nxa6 Rf1# 0-1

[Event "IECC M1-2012.T060"]
[Site "IECC email"]
[Date "2012.10.19"]
[Round "?"]
[White "Guidi, Daniele"]
[Black "Gurgui, Dan Constantin"]
[Result "0-1"]
[WhiteElo "1003"]
[BlackElo "1384"]
[PlyCount "121"]
[EventDate "2012.??.??"]
[EventType "match (corr)"]
[EventRounds "2"]
[SourceTitle "Telechess CBM 165"]
[Source "ChessBase"]
[SourceDate "2015.03.11"]
[SourceVersion "1"]
[SourceVersionDate "2015.03.11"]
[SourceQuality "1"]
[WhiteTeam "Italy"]
[WhiteTeamCountry "ITA"]

1. d4 f5 2. g3 e6 3. Bg2 Nf6 4. Nf3 Bb4+ 5. c3 Be7 6. 0-0 Nc6 7. Nbd2 d6 8. Nc4 0-0 9. b4 a6 10. Re1 Ne4 11. Qd3 b5 12. Ncd2 d5 13. Nb3 Bd7 14. Nc5 Bxc5 15. dxc5 a5 16. bxa5 Rxa5 17. Qe3 Qe7 18. Rb1 Rxa2 19. Rxb5 Rc2 20. Rb7 Rxc3 21. Qf4 Rc8 22. Rxc7 e5 23. Rxc8+ Bxc8 24. Qh4 Qxc5 25. Be3 Rxe3 26. Ng5 Nxg5 27. fxe3 Qxe3+ 28. Kh1 Ne4 29. Bxe4 fxe4 30. h3 Qf2 31. Rc1 Bd7 32. Ra1 Qxe2 33. g4 e3 34. Ra8+ Kf7 35. Qh5+ Ke7 36. Qg5+ Kd6 37. Ra1 Qf3+ 38. Kh2 Qf2+ 39. Kh1 d4 40. Qxg7 e2 41. Qh6+ Be6 42. Qc1 d3 43. Qa3+ Qc5 44. Qxd3+ Qd5+ 45. Qxd5+ Bxd5+ 46. Kg1 Bc4 47. Kf2 e4 48. h4 Ne5 49. Ke3 Bd3 50. Re1 Nxg4+ 51. Kf4 Ne5 52. Rxe2 Bxe2 53. Kxe4 h5 54. Kf4 Ke6 55. Kg5 Bg4 56. Kf4 Ng6+ 57. Kg5 Kf7 58. Kh6 Nxh4 59. Kg5 Ng2 60. Kh6 Kf6 61. Kh7 0-1